000 01342nam a22003254a 4500
001 ebr10299311
003 CaPaEBR
006 m u
007 cr cn|||||||||
008 021204s2003 nju sb 001 0 eng
020 _z047122278X (acid-free paper)
040 _aCaPaEBR
_cCaPaEBR
035 _a(OCoLC)844260297
043 _an-us---
050 1 4 _aKF1388
_b.H67 2003eb
082 0 4 _a343.7309/944
_221
100 1 _aHopkins, Bruce R.
245 1 4 _aThe nonprofits' guide to Internet communications law
_h[electronic resource] /
_cBruce R. Hopkins.
246 3 0 _aGuide to Internet communications law
260 _aHoboken, N.J. :
_bJ. Wiley & Sons,
_cc2003.
300 _axx, 332 p.
504 _aIncludes bibliographical references (p. 325-327) and index.
533 _aElectronic reproduction.
_bPalo Alto, Calif. :
_cebrary,
_d2013.
_nAvailable via World Wide Web.
_nAccess may be limited to ebrary affiliated libraries.
650 0 _aNonprofit organizations
_xLaw and legislation
_zUnited States.
650 0 _aInternet
_xLaw and legislation
_zUnited States.
650 0 _aElectronic fund raising
_zUnited States.
655 7 _aElectronic books.
_2local
710 2 _aebrary, Inc.
856 4 0 _uhttp://site.ebrary.com/lib/rucke/Doc?id=10299311
_zAn electronic book accessible through the World Wide Web; click to view
999 _c64882
_d64882